| 000 | 00794nam a2200193 4500 | ||
|---|---|---|---|
| 999 |
_c5691 _d5691 |
||
| 003 | OSt | ||
| 005 | 20220609074353.0 | ||
| 008 | 220609b ||||| |||| 00| 0 eng d | ||
| 020 | _a0972678301 | ||
| 040 | _cALUPE UNIVERSITY | ||
| 050 |
_aGV199.4 _b.S38 2003 |
||
| 100 | _a Schultz, Jerry | ||
| 245 |
_aSole mates : _b The true story of one couple's walk across America _cBy Jerry and Cindy Schultz |
||
| 260 |
_aOlympia, Washington : . _bShiny Penny Press, _cc2003 |
||
| 300 |
_avi, 316p. _b1 online resource, ills,maps _c22cm |
||
| 650 | _aSchultz, Jerry -- Travel -- United States. Schultz, Cindy -- Travel -- United States. Walking -- United States. United States -- Description and travel. États-Unis -- Descriptions et voyages. Travel. | ||
| 700 | _aSchultz, Cindy | ||
| 942 |
_2lcc _cBK _nAB |
||